Siti Norjihan Rusiman (Record no. 280)

MARC details
000 -LEADER
fixed length control field 01043nam a22002777a 4500
001 - CONTROL NUMBER
control field 02894
003 - CONTROL NUMBER IDENTIFIER
control field HDC
007 - PHYSICAL DESCRIPTION FIXED FIELD--GENERAL INFORMATION
fixed length control field cr bn ---
008 - FIXED-LENGTH DATA ELEMENTS--GENERAL INFORMATION
fixed length control field 201223b20082008my ||||| |||| 00| 0 may d
040 ## - CATALOGING SOURCE
Original cataloging agency HDC
100 ## - MAIN ENTRY--PERSONAL NAME
Personal name Siti Norjihan Rusiman
Relator term author
9 (RLIN) 1286
245 #0 - TITLE STATEMENT
Title Siti Norjihan Rusiman
Remainder of title : FSKSM 2008 CHAP1
Statement of responsibility, etc. / Siti Norjihan Rusiman
260 ## - PUBLICATION, DISTRIBUTION, ETC.
Place of publication, distribution, etc. Malaysia:
Name of publisher, distributor, etc. Faculty Of Computer Science & Information System, UTM,
Date of publication, distribution, etc. 2008
300 ## - PHYSICAL DESCRIPTION
Extent 7 pages
Other physical details colour illustrations
336 ## - CONTENT TYPE
Content type term text
Source rdacontent
337 ## - MEDIA TYPE
Media type term computer
Source rdamedia
338 ## - CARRIER TYPE
Carrier type term online resources
Source rdacarrier
500 ## - GENERAL NOTE
General note Originally presented as: Thesis: Universiti Teknologi Malaysia, 2008
650 ## - SUBJECT ADDED ENTRY--TOPICAL TERM
Topical term or geographic name entry element Agriculture and state
Geographic subdivision Malaysia
9 (RLIN) 1288
650 ## - SUBJECT ADDED ENTRY--TOPICAL TERM
Topical term or geographic name entry element Agriculture
Geographic subdivision Malaysia
9 (RLIN) 1289
650 ## - SUBJECT ADDED ENTRY--TOPICAL TERM
Topical term or geographic name entry element Farm management
Geographic subdivision Malaysia
9 (RLIN) 1287
856 ## - ELECTRONIC LOCATION AND ACCESS
Public note Request full-text at [email protected]
942 ## - ADDED ENTRY ELEMENTS (KOHA)
Source of classification or shelving scheme Library of Congress Classification
942 ## - ADDED ENTRY ELEMENTS (KOHA)
Koha item type Thesis
942 ## - ADDED ENTRY ELEMENTS (KOHA)
Call number prefix THES 000101
Holdings
Withdrawn status Lost status Source of classification or shelving scheme Damaged status Not for loan Home library Current library Shelving location Date acquired Total checkouts Full call number Date last seen Price effective from Koha item type
    Library of Congress Classification     Halal Development Corporation Library Halal Development Corporation Library Open Shelves 24/05/2023   THES 000101 24/05/2023 24/05/2023 Thesis
Halal Development Corporation Berhad (HDC)
5.02 Level 5, KPMG Tower, First Avenue, Persiaran Bandar Utama, 47800 Petaling Jaya, Selangor Darul Ehsan
Phone: +603 7965 5489 Email: [email protected]